Normal view
MARC view
- Star Wars, episode VII, the force awakens (Motion picture)
Entry Uniform Title
001 - CONTROL NUMBER
- control field: 86086
003 - CONTROL NUMBER IDENTIFIER
- control field: OSt
005 - DATE AND TIME OF LATEST TRANSACTION
- control field: 20250226155652.0
008 - FIXED-LENGTH DATA ELEMENTS
- fixed length control field: 250226|| aca||aabn | a|a d
040 ## - CATALOGING SOURCE
- Original cataloging agency: OSt
- Transcribing agency: OSt
130 ## - HEADING--UNIFORM TITLE
- Uniform title: Star Wars, episode VII, the force awakens (Motion picture)
- Form subdivision: Juvenile literature
670 ## - SOURCE DATA FOUND
- Source citation: Work cat.: (OSt)48488: Hidalgo, Pablo, author. 86085, Star Wars, the force awakens :, 2015.